000 00405nam a2200133Ia 4500
003 GCL
008 140319s9999 xx 000 0 ara d
040 _aGCL /
_cGCL
082 0 4 _a231
_bا ا
245 1 0 _aاختصار علوم الحديث او الباعث الحثسث الى نعرفة علوم الحديث
260 _a[S.N] :
_bالمطبعة الماجرية ،
_c1353
300 _a95
490 _a
999 _c59121
_d59121